UEFA Euro Winners - Statistics

General Stats
  • This quiz has been taken 54 times
    20 since last reset
  • The average score is 14 of 15
Answer Stats
Year Winner % Correct
2000 France
100%
2004 Greece
100%
1988 Netherlands
100%
2016 Portugal
100%
2008 Spain
100%
2012 Spain
100%
1996 Germany
94%
1968 Italy
94%
1964 Spain
94%
1980 West Germany
94%
1976 Czechoslovakia
88%
1992 Denmark
88%
1984 France
88%
1960 Soviet Union
88%
1972 West Germany
88%
No matching quizzes found
Score Distribution
Percent of People with Each Score
Percentile by Number Answered
Your Score History
You have not taken this quiz since the last reset